00510nam a2200169 a 450000100060000000300090000600800410001502000180005604000280007408200180010210000350012024500540015526000320020930000190024150500560026065000240031624637CO-ViMGA141112s2004 ck r 000 u spa d a9789584431318 aCO-ViMGAbspacCO-ViMGA04aCo861.44 G87c1 aGutierrez Lozano, Luis Eduardo10aLos cuadernos de Franz / cLuis Eduardo Gutierrez aColombia : bCucuta, c2008 a66 p. : 21 cm. aPremio Nacional de Poesía Eduardo Cote Lamus 200714aPoesía colombiana